logo

Bir Sreshtho Munshi Abdur Rouf Library
Jhenaidah Cadet College

গোলাম রহমান রচনাবলী / (Record no. 2775)

MARC details
000 -LEADER
fixed length control field 00697nam a2200229 a 4500
001 - CONTROL NUMBER
JCCL Control Number 2775
003 - CONTROL NUMBER IDENTIFIER
JCCL marc code BD-JhCC
005 - DATE AND TIME OF LATEST TRANSACTION
control field 20180304093444.0
008 - FIXED-LENGTH DATA ELEMENTS--GENERAL INFORMATION
fixed length control field 171106s1978 bg |||| |||| 000 0 ben d
035 ## - SYSTEM CONTROL NUMBER
system control number (BD-JhCC)2775
040 ## - CATALOGING SOURCE
Original cataloging agency BD-JhCC
Modifying agency BD-JhCC
041 ## - LANGUAGE CODE
Language code of Book ben
082 ## - DEWEY DECIMAL CLASSIFICATION NUMBER
Classification number 891.4409
Author mark and Year COL 1978
245 ## - TITLE STATEMENT
Title গোলাম রহমান রচনাবলী /
Statement of responsibility, etc আতোয়ার রহমান [সম্পা.]
260 ## - PUBLICATION, DISTRIBUTION, ETC. (IMPRINT)
Place of publication, distribution, etc ঢাকা :
Name of publisher, distributor, etc বাংলা একেডেমী,
Date of publication, distribution, etc 1978.
300 ## - PHYSICAL DESCRIPTION
Pagination 580 p :
Dimensions 21 cm.
650 ## - SUBJECT ADDED ENTRY--TOPICAL TERM
Topical term or geographic name as entry element Complied Work
650 ## - SUBJECT ADDED ENTRY--TOPICAL TERM
Topical term or geographic name as entry element Bengali Literature
700 ## - ADDED ENTRY--PERSONAL NAME
Personal name রহমান, আতোয়ার
942 ## - ADDED ENTRY ELEMENTS (KOHA)
Source of classification or shelving scheme Dewey Decimal Classification
Koha item type Books
Holdings
Source of classification or shelving scheme volume number Damaged status Not for loan Home library Current library Shelving location Date of accession Cost, normal purchase price Total Checkouts Full call number Barcode Date last seen Copy number Koha item type
Dewey Decimal Classification V-1     JCC Rouf Library JCC Rouf Library General Stacks 11/06/2017 40.00   891.4409 GOL 1978 4579 11/06/2017 C-1 Books
Dewey Decimal Classification V-2     JCC Rouf Library JCC Rouf Library General Stacks 11/13/2017 35.00   891.4409 GOL 1978 5204 11/13/2017 C-1 Books
Dewey Decimal Classification V-2     JCC Rouf Library JCC Rouf Library General Stacks 11/13/2017 35.00   891.4409 GOL 1978 5203 11/13/2017 C-2 Books
Dewey Decimal Classification V-1     JCC Rouf Library JCC Rouf Library General Stacks 11/19/2017 50.00   891.4409 GOL 1978 4929 11/19/2017 C-4 Books
Dewey Decimal Classification V-2     JCC Rouf Library JCC Rouf Library General Stacks 11/19/2017 38.00   891.4409 GOL 1978 4905 11/19/2017 C-5 Books

JCC Library | Contacts | JCC Home

Last Update on 23 September 2017
Copyright @ 2017-2020 JCC Rouf Library
Rouf Library, Jhenidah Cadet College (JCC), Bangladesh